00842 2200277 4500001002100000005001500021035002000036007000300056008004100059020002200100082001000122084001600132100001700148245014100165250001000306260005700316300002300373500003800396500001100434650002400445700001800469700002400487504003100511990001100542990001100553INLIS00000000000342420190517113009 a0010-0519000016ta190517 g 0 ind  a978-602-5868-17-7 a615.8 a615.8 FRO t0 aFROMM, Erich1 aThe Art of Listening :bKritik atas Psikoanalisis Sigmund Freud /cErich Fromm; penerjemah, Apri Danarto; penyunting, Anas Syahrul Alimi acet.1 aYogyakarta :bImmortal Publishing dan Octopus,c2018 a314 hlm. ;c19 cm. aJudul asli : The Art of Listening aIndeks 4aFARMAKOLOGI. TERAPI0 aAPRI, Danarto0 aANAS, Syahrul Alimi aBibliografi : hlm. 299-306 a6562 a a6562 b